00991nam a2200205Ia 4500008004100000020001500041041001200056082001600068100001500084245006600099260003900165300000900204650001400213700001700227942000700244999001500251952017300266952017300439952017300612221030s9999 xx 000 0 und d a8187210001 aEnglish a105.23bPur aB. R. Puri 0aPrinciples of Physical Chemistrycby B. R. Puri, L. R. Sharma bS. L. Nagin & Co.aJalandharc2000 a1372 aChemistry aL. R. Sharma cBK c6792d6792 pBE 2300g200.00l0o105.23 Purr2024-06-13 00:00:00w2022-10-30yBK003Print4070aMIETLIBbMIETLIBcBL-Academic Block - C, FL-2, CUP-18, SH-2, R-2d2001-01-0810HBE pBE 3105g285.00l0o105.23 Purr2024-06-13 00:00:00w2022-10-30yBK003Print4070aMIETLIBbMIETLIBcBL-Academic Block - C, FL-2, CUP-18, SH-2, R-2d2001-03-1710HBE pBE 3106g285.00l0o105.23 Purr2024-06-13 00:00:00w2022-10-30yBK003Print4070aMIETLIBbMIETLIBcBL-Academic Block - C, FL-2, CUP-18, SH-2, R-2d2001-03-1710HBE